Estatísticas para Combinar a Imagem com o País

Clique aqui para jogar o quiz

Estatísticas Gerais

  • Esse quiz foi jogado 94 vezes
  • A pontuação média é 4 de 10

Estatísticas das Respostas

QuestãoResposta% Correto
França
100%
Índia
83%
Espanha
59%
Egito
58%
Quênia
46%
Colômbia
28%
China
26%
Irlanda
22%
Coreia do Sul
20%
Rússia
4%

Distribuição das Pontuações

Percentil de Números Respondidos

Porcentagem de Pessoas com Cada Pontuação

Sua Pontuação Histórica

Você não jogou esse quiz